[Event "GER-chT U10"]
[Site "Magdeburg"]
[Date "2021.08.08"]
[Round "7.3"]
[White "Franzky, Julian"]
[Black "Meusel, Theodor"]
[Result "1/2-1/2"]
[WhiteElo "1266"]
[BlackElo "1137"]
[PlyCount "89"]
[EventDate "2021.08.06"]
[EventType "team-swiss"]
[EventRounds "7"]
[EventCountry "GER"]
[SourceTitle "EXT 2022"]
[Source "ChessBase"]
[SourceDate "2021.10.06"]
[SourceVersion "1"]
[SourceVersionDate "2021.10.06"]
[SourceQuality "1"]
[WhiteTeam "Tegernsee"]
[BlackTeam "Oberschoeneweide"]
[WhiteTeamCountry "GER"]
[BlackTeamCountry "GER"]

1. e4 e6 2. d4 d5 3. exd5 exd5 4. Bd3 Bd6 5. Be3 Ne7 6. Qf3 Nd7 7. Nd2 Nf6 8. h3 Be6 9. c3 c6 10. Qe2 Nf5 11. Bg5 Be7 12. Bxf6 gxf6 13. Ngf3 Rg8 14. g4 Nd6 15. Bxh7 Rg7 16. Bd3 Kd7 17. 0-0-0 a5 18. Nb3 b6 19. Nh4 a4 20. Nd2 b5 21. Qf3 Qa5 22. Kc2 Rb8 23. a3 Nc4 24. Nxc4 bxc4 25. Bf5 Qb6 26. Rb1 Rgg8 27. Rhe1 Rbe8 28. Bxe6+ fxe6 29. Qe3 Bd8 30. f4 Bc7 31. Re2 Rg7 32. Ree1 Rh7 33. Ng6 Rh6 34. f5 e5 35. dxe5 Qxe3 36. Rxe3 Bxe5 37. Rbe1 Kd6 38. Nxe5 Rxe5 39. Rxe5 fxe5 40. f6 Rxh3 41. Rf1 Ke6 42. g5 Rh8 43. f7 Rf8 44. g6 Ke7 45. Ra1 1/2-1/2

[Event "GER-ch Net blitz qual2"]
[Site "Playchess.com INT"]
[Date "2020.03.16"]
[Round "1"]
[White "Meusel, Theodor"]
[Black "Janz, Frerik"]
[Result "0-1"]
[WhiteElo "1620"]
[BlackElo "2311"]
[PlyCount "84"]
[EventDate "2020.03.16"]
[EventType "swiss (blitz)"]
[EventRounds "9"]
[EventCountry "GER"]
[SourceTitle "CBM 195 Extra"]
[Source "ChessBase"]
[SourceDate "2020.05.31"]
[SourceVersion "1"]
[SourceVersionDate "2020.05.31"]
[SourceQuality "1"]

1. e4 c5 2. Nf3 e6 3. Bc4 a6 4. d3 d5 5. exd5 exd5 6. Bb3 Nf6 7. 0-0 Be7 8. Re1 0-0 9. Bf4 b5 10. c4 Bb7 11. Nbd2 Nc6 12. Qc2 Nb4 13. Qd1 Nxd3 14. Re3 Nxf4 15. Qc2 dxc4 16. Nxc4 bxc4 17. Bxc4 Ng4 18. Ree1 Bxf3 19. gxf3 Nf6 20. Rad1 Qc7 21. Qb3 a5 22. Qe3 Bd6 23. a4 Rad8 24. Qc3 Ng6 25. Qc2 Bxh2+ 26. Kg2 Bf4 27. Rxd8 Rxd8 28. Qc3 Be5 29. Qc2 Nh4+ 30. Kf1 Nxf3 31. Re3 Nd2+ 32. Ke2 Nxc4 33. Qxc4 Bxb2 34. Qc2 Bd4 35. Rd3 g6 36. Qc4 Kg7 37. Qc2 c4 38. Rd1 Qh2 39. Kf1 Qh1+ 40. Ke2 Qe4+ 41. Qxe4 Nxe4 42. f3 Nc3+ 0-1